Name All Mutations In Grow A Garden - Statistics

General Stats
  • This quiz has been taken 31 times
  • The average score is 12 of 29
Answer Stats
Hint Answer % Correct
x20 Gold
90%
x50 Rainbow
86%
x2 Wet
81%
x2 Choc
71%
x10 Frozen
67%
x5 Blood Lit
62%
x2 Moonlit
62%
x100 Shocked
62%
x120 Celestial
57%
x2 Chilled
52%
x150 Dawn Bound
43%
x3 Pollinated
43%
x5 Silver
43%
x2 Windstruck
43%
x5 Cloud Touched
38%
x3 Sandy
33%
x85 Sundried
33%
x90 Aurora
29%
x5 Clay
29%
x5 Honey Glazed
29%
x100 Paradisal
29%
x30 Ceramic
24%
x70 Friend Bound
24%
x5 Twisted
24%
x5 Verdant
24%
x12 Acidic
19%
x5 Drenched
14%
x19 Tempestuous
10%
x15 Eclipsed
0%
No matching quizzes found
Score Distribution
Percent of People with Each Score
Percentile by Number Answered
Your Score History
You have not taken this quiz